header

Psychology of victimization (Record no. 166444)

MARC details
000 -LEADER
fixed length control field 02638nam a2200349 a 4500
082 04 - DEWEY DECIMAL CLASSIFICATION NUMBER
Classification number 362.8801/9
245 00 - TITLE STATEMENT
Title Psychology of victimization
260 ## - PUBLICATION, DISTRIBUTION, ETC. (IMPRINT)
Place of publication New York :
Name of publisher Nova Science Publishers,
Year of publication c2012.
300 ## - PHYSICAL DESCRIPTION
Number of Pages x, 232 p.
490 1# - SERIES STATEMENT
Series statement Psychology of emotions, motivations and actions
505 0# - FORMATTED CONTENTS NOTE
Formatted contents note Fact or fiction? : discriminating true and false allegations of victimization / Kristine A. Peace, Krista L. Brower, Ryan D. Shudra -- Bank employees don't go to heaven : processes of victimization of bank employees for violent crimes / Eduardo Paes-Machado, Ana Marcia Nascimento -- Victims of cyber bullying : similarities and differences with victims of traditional bullying / Juliana Raskauskas, Todd Migliaccio -- Effects of bullying victimization from childhood to young adulthood / Maura Rossi, Luca Bernardo, Cecilia Sterpa, Alberto Ottolini -- Cyber victimization and psychosocial adjustment in youth / Susanne K. Long, Michael L. Sulkowski, Allison G. Dempsey -- Cyberbullying in Germany : what we know about the victims / Catarina Katzer -- The long term impact of victimization in cases of historical child sexual abuse and intimate partner violence / Susan Rodger, Alan Leschied -- A conservative is a liberal urban dweller who has been mugged : a longitudinal study on the links between victimization and voting preferences / Silvia Russo, Michele Roccato, Alessio Vieno and others -- Peer reputations and peer victimization / Dario Bacchini, Gaetana Affuso -- Psychology of victimization / Jose Carlos Assi Kimou -- Psychology of victimization / Jennifer M. Knack.
650 #0 - SUBJECT ADDED ENTRY--TOPICAL TERM
Topical Term Victims of crimes
700 1# - ADDED ENTRY--PERSONAL NAME
Personal name Hutcherson, Audrey N.
856 40 - ELECTRONIC LOCATION AND ACCESS
Uniform Resource Identifier http://site.ebrary.com/lib/rucke/Doc?id=10676673

No items available.

© 2026 Rongo University
Contact us: librarian | system librarian | Rongo university